[Event "Online Olym Top DivD 2020"]
[Site "chess.com INT"]
[Date "2020.08.21"]
[Round "1.1"]
[Board "4"]
[White "Miranda Llanes, Yerisbel"]
[Black "Sedina, Elena"]
[Result "0-1"]
[WhiteTitle "WIM"]
[BlackTitle "IM"]
[WhiteElo "2262"]
[BlackElo "2299"]
[WhiteTeam "Cuba"]
[BlackTeam "Italy"]
[WhiteFideId "3507700"]
[BlackFideId "812153"]
[EventDate "2020.08.21"]
[EventType "team"]

1. d4 d5 2. c4 c6 3. Nf3 Nf6 4. Nc3 dxc4 5. a4 Bf5 6. e3 e6 7. Bxc4 Bb4 8. O-O
Nbd7 9. Qb3 a5 10. Na2 Be7 11. Bd2 Qb6 12. Rac1 Ne4 13. Rfd1 Nxd2 14. Nxd2 O-O
15. Qxb6 Nxb6 16. Bb3 Rfd8 17. Nc3 Bg6 18. Nce4 Nd5 19. Nc5 b6 20. Nce4 Nb4 21.
f3 Rac8 22. Nc4 Nd5 23. Kf2 f6 24. Nc3 Rb8 25. e4 Nb4 26. Ne3 Bf7 27. Na2 Nxa2
28. Bxa2 c5 29. d5 exd5 30. Bxd5 Bd6 31. Nc4 Bf4 32. Rc3 Kf8 33. g3 Bc7 34. Rcd3
Be8 35. Ra3 b5 36. axb5 Rxb5 37. Rad3 Rdb8 38. f4 Rb3 39. e5 Rxd3 40. Rxd3 fxe5
41. fxe5 Ke7 42. e6 a4 43. Rf3 Rd8 44. Ne3 g6 45. h4 Be5 46. Bc4 Bd4 47. Ke2
Bxe3 48. Rxe3 Rb8 49. b3 a3 50. Kd2 a2 51. Re1 Ra8 52. Ra1 Bc6 53. Ke3 Bb7 54.
Kd3 Bc8 55. Kc2 Bxe6 56. Kb2 Bxc4 57. bxc4 Kf6 58. Rf1+ Ke5 59. Ka1 Kd4 60. Rf7
Kxc4 61. Rxh7 Kb3 62. Rb7+ Kc3 63. Rg7 Ra6 64. g4 c4 65. h5 gxh5 66. gxh5 0-1

[Event "Online Olym Top DivD 2020"]
[Site "chess.com INT"]
[Date "2020.08.21"]
[Round "1.1"]
[Board "6"]
[White "Hernandez Gil, Ineymig"]
[Black "Palma, Maria"]
[Result "1/2-1/2"]
[WhiteTitle "WFM"]
[BlackTitle "WFM"]
[WhiteElo "2348"]
[BlackElo "1989"]
[WhiteTeam "Cuba"]
[BlackTeam "Italy"]
[WhiteFideId "3526216"]
[BlackFideId "898481"]
[EventDate "2020.08.21"]
[EventType "team"]

1. e4 e6 2. d4 d5 3. Nd2 dxe4 4. Nxe4 Nd7 5. Nf3 Ngf6 6. Bd3 Nxe4 7. Bxe4 Nf6 8.
Bd3 c5 9. Be3 Qc7 10. Qe2 a6 11. O-O-O b5 12. dxc5 Bxc5 13. Bxc5 Qxc5 14. Kb1
O-O 15. Ne5 Bb7 16. Rhe1 Rfd8 17. g4 Nd5 18. Nxf7 Nf4 19. Qe5 Qxe5 20. Nxe5 Nxd3
21. Rxd3 Rxd3 22. Nxd3 Bd5 23. Nf4 Rf8 24. Nxd5 exd5 25. Re2 Rf4 26. h3 Rf3 27.
c3 Kf7 28. Kc2 Rxh3 29. Kd2 Rf3 30. Ke1 Rf4 31. Re5 d4 32. cxd4 Rxd4 33. f3 Kf6
34. Re8 Rd6 35. Rf8+ Kg5 36. Rf7 Kg6 37. Rf8 Rf6 38. Rxf6+ Kxf6 39. Kf2 Ke5 40.
Ke3 g5 41. a3 a5 42. b3 a4 43. bxa4 bxa4 44. Kd3 Kf4 45. Ke2 Kg3 46. Ke3 h6 47.
Ke2 Kf4 48. Kf2 Ke5 49. Ke3 Kd5 50. Kd3 Ke5 51. Ke3 Kd5 52. Kd3 Ke5 53. Ke3 1/2-1/2

[Event "Online Olym Top DivD 2020"]
[Site "chess.com INT"]
[Date "2020.08.21"]
[Round "1.2"]
[Board "1"]
[White "Supi, Luis Paulo"]
[Black "Delgado Ramirez, Neuris"]
[Result "1/2-1/2"]
[WhiteTitle "GM"]
[BlackTitle "GM"]
[WhiteElo "2572"]
[BlackElo "2621"]
[WhiteTeam "Brazil"]
[BlackTeam "Paraguay"]
[WhiteFideId "2106388"]
[BlackFideId "3503631"]
[EventDate "2020.08.21"]
[EventType "team"]

1. c4 e6 2. Nc3 Bb4 3. d4 Nf6 4. e3 O-O 5. Bd2 b6 6. Nf3 Bb7 7. Bd3 Bxc3 8. Bxc3
Ne4 9. Bb4 d6 10. O-O c5 11. Ba3 a5 12. Ne1 f5 13. f3 Nf6 14. Rc1 Qe7 15. Bb1
Nc6 16. b3 Rad8 17. Qd2 Bc8 18. Rd1 e5 19. Nc2 e4 20. f4 Ba6 21. Rfe1 Nb4 22.
Nxb4 cxb4 23. Bb2 d5 24. Rc1 Rc8 25. c5 bxc5 26. dxc5 Rxc5 27. Rxc5 Qxc5 28. Rc1
Qd6 29. Be5 Qe6 30. Bc2 Nd7 31. Bd4 Rc8 32. Bd1 Rc6 33. Qb2 Nf6 34. h3 Bb5 35.
a4 bxa3 36. Qxa3 Rxc1 37. Qxc1 h6 38. Qc3 Qa6 39. Kf2 Kh7 40. g4 fxg4 41. hxg4
Bd7 42. Qc7 Bxg4 43. Bxg4 Nxg4+ 44. Ke1 Qg6 45. Qd7 Nh2 46. Kd2 Nf3+ 47. Kc3 h5
48. Qxd5 h4 49. f5 Qg1 50. Kb2 Qg2+ 51. Ka3 Nxd4 52. exd4 Qf3 53. Qf7 e3 54.
Qg6+ Kg8 55. Qe8+ Kh7 56. Qg6+ Kg8 57. Qe8+ Kh7 58. Qg6+ 1/2-1/2

[Event "Online Olym Top DivD 2020"]
[Site "chess.com INT"]
[Date "2020.08.21"]
[Round "1.2"]
[Board "2"]
[White "Vazquez, Guillermo"]
[Black "Fier, Alexandr"]
[Result "1/2-1/2"]
[WhiteTitle "IM"]
[BlackTitle "GM"]
[WhiteElo "2527"]
[BlackElo "2560"]
[WhiteTeam "Paraguay"]
[BlackTeam "Brazil"]
[WhiteFideId "3702308"]
[BlackFideId "2107139"]
[EventDate "2020.08.21"]
[EventType "team"]

1. e4 Nf6 2. e5 Nd5 3. d4 d6 4. c4 Nb6 5. exd6 cxd6 6. d5 g6 7. Qd4 e5 8. dxe6
f6 9. Nc3 Nc6 10. Qe3 d5 11. cxd5 Nxd5 12. Nxd5 Qxd5 13. Nf3 Qxe6 14. Bc4 Bb4+
15. Ke2 Qe7 16. a3 Bc5 17. Qxe7+ Kxe7 18. Be3 Bxe3 19. Kxe3 Be6 1/2-1/2

[Event "Online Olym Top DivD 2020"]
[Site "chess.com INT"]
[Date "2020.08.21"]
[Round "1.2"]
[Board "4"]
[White "Vargas, Gabriela"]
[Black "Alboredo, Julia"]
[Result "1/2-1/2"]
[WhiteTitle "WIM"]
[BlackTitle "WFM"]
[WhiteElo "2170"]
[BlackElo "2182"]
[WhiteTeam "Paraguay"]
[BlackTeam "Brazil"]
[WhiteFideId "3700860"]
[BlackFideId "2124807"]
[EventDate "2020.08.21"]
[EventType "team"]

1. d4 Nf6 2. Nf3 d5 3. e3 g6 4. b3 Bg7 5. Bb2 O-O 6. Be2 Ne4 7. Nbd2 c5 8. O-O
Nc6 9. c4 Nxd2 10. Qxd2 dxc4 11. bxc4 Bg4 12. d5 Bxb2 13. Qxb2 Na5 14. Ne5 Bxe2
15. Qxe2 f6 16. Nf3 Qd7 17. e4 Qa4 18. Rac1 Rab8 19. e5 Rfe8 20. Rfe1 Kf7 21. h3
b5 22. cxb5 Qxb5 23. Qxb5 Rxb5 24. exf6 exf6 25. Rxe8 Kxe8 26. a4 Rb4 27. Rxc5
Rxa4 28. Rc7 Ra1+ 29. Kh2 Rd1 30. Rxa7 Rxd5 31. Rxh7 Nc4 32. Nh4 g5 33. Ng6 Rd2
34. Kg3 Rd3+ 35. f3 Rd2 36. h4 gxh4+ 37. Nxh4 Ne3 38. Kh3 Rd1 39. Kg3 Rd2 40.
Ra7 Kd8 41. Kf4 Nxg2+ 42. Nxg2 Rxg2 43. Kf5 Rf2 44. f4 Ke8 45. Ra6 Ke7 46. Re6+
Kf7 47. Rxf6+ Ke7 48. Ra6 Rf1 49. Ra7+ Kf8 50. Kg5 Rb1 51. f5 Rb6 52. Rc7 Ra6
53. f6 Ra1 1/2-1/2

[Event "Online Olym Top DivD 2020"]
[Site "chess.com INT"]
[Date "2020.08.21"]
[Round "1.2"]
[Board "6"]
[White "Oviedo Acosta, Paula"]
[Black "Frattini, Beatriz Maria"]
[Result "0-1"]
[BlackTitle "WCM"]
[WhiteElo "1659"]
[BlackElo "1868"]
[WhiteTeam "Paraguay"]
[BlackTeam "Brazil"]
[WhiteFideId "3704394"]
[BlackFideId "22715002"]
[EventDate "2020.08.21"]
[EventType "team"]

1. e4 c5 2. Nf3 d6 3. d4 cxd4 4. Nxd4 Nf6 5. Nc3 Nc6 6. f3 e6 7. Be3 Be7 8. Qd2
a6 9. O-O-O O-O 10. g4 Nxd4 11. Qxd4 b5 12. g5 Nd7 13. h4 Ne5 14. f4 Nc6 15. Qd2
Qc7 16. h5 b4 17. Na4 Rb8 18. b3 Na7 19. Bc4 Bd7 20. Nb2 Nb5 21. Na4 Na3 22. Nb2
Bb5 23. Bd3 Rbc8 24. Rh2 Qa5 25. Bxb5 axb5 26. Nd3 Nxc2 27. Qxc2 Qxa2 28. Nc5
Qxc2+ 29. Rxc2 dxc5 30. Rd7 Rfe8 31. Rb7 Rb8 32. Rxb8 Rxb8 33. Bxc5 Bxc5 34.
Rxc5 f6 35. Kc2 fxg5 36. fxg5 Rb7 37. Kd3 Kf8 38. Kd4 Kf7 39. Ke5 g6 40. h6 Ke7
41. Rc6 Ra7 42. Rxe6+ Kf7 43. Rb6 Ra3 44. Rb7+ Kg8 45. Kf6 Ra8 46. Rg7+ Kh8 47.
Rf7 Re8 48. e5 Kg8 49. e6 Kh8 50. e7 Kg8 51. Rg7+ Kh8 52. Kf7 Rxe7+ 53. Kf8 Re8+
54. Kf7 Re7+ 55. Kf6 Rxg7 56. hxg7+ Kg8 57. Ke5 Kxg7 58. Kd5 h6 59. gxh6+ Kxh6
60. Kc5 Kg5 61. Kxb5 Kf4 62. Kxb4 g5 63. Ka5 g4 64. b4 g3 65. b5 g2 0-1

[Event "Online Olym Top DivD 2020"]
[Site "chess.com INT"]
[Date "2020.08.21"]
[Round "1.3"]
[Board "2"]
[White "Pavlidis, Antonios"]
[Black "Shankland, Sam"]
[Result "1/2-1/2"]
[WhiteTitle "GM"]
[BlackTitle "GM"]
[WhiteElo "2543"]
[BlackElo "2691"]
[WhiteTeam "Greece"]
[BlackTeam "United States of America"]
[WhiteFideId "4212312"]
[BlackFideId "2004887"]
[EventDate "2020.08.21"]
[EventType "team"]

1. e4 c5 2. Nf3 e6 3. d4 cxd4 4. Nxd4 Nc6 5. Nc3 Qc7 6. Be3 a6 7. Nxc6 Qxc6 8.
Be2 b5 9. Bf3 Bb7 10. O-O Qc7 11. Re1 Bd6 12. g3 Nf6 13. Bd4 e5 14. Be3 h6 15.
a4 b4 16. Nd5 Nxd5 17. exd5 O-O 18. Qd2 f5 19. a5 Rac8 20. Rec1 e4 21. Bb6 Qb8
22. Bg2 Rce8 23. Re1 Re5 24. Rad1 Rxd5 25. Qe2 Rxd1 26. Rxd1 Rf6 27. Bd4 Rf7 28.
Qc4 Bf8 29. Be5 d6 30. Bf1 Qc7 31. Bf4 g5 32. Bxd6 Bxd6 33. Qe6 Bc8 34. Qxd6 Kh7
35. Bxa6 Bxa6 36. Qxa6 e3 37. fxe3 Qxc2 38. Rd6 Qc1+ 39. Kf2 Qxb2+ 40. Kg1 Qc1+
41. Kf2 Qc2+ 42. Kg1 Qb1+ 43. Kf2 f4 44. exf4 gxf4 45. Qd3+ Qxd3 46. Rxd3 fxg3+
47. Kxg3 Ra7 48. Rb3 Rxa5 49. Rxb4 1/2-1/2

[Event "Online Olym Top DivD 2020"]
[Site "chess.com INT"]
[Date "2020.08.21"]
[Round "1.3"]
[Board "4"]
[White "Botsari, Anna-Maria"]
[Black "Zatonskih, Anna"]
[Result "0-1"]
[WhiteTitle "WGM"]
[BlackTitle "IM"]
[WhiteElo "2222"]
[BlackElo "2420"]
[WhiteTeam "Greece"]
[BlackTeam "United States of America"]
[WhiteFideId "4200446"]
[BlackFideId "14101572"]
[EventDate "2020.08.21"]
[EventType "team"]

1. d4 d5 2. c4 e6 3. Nf3 Nf6 4. g3 dxc4 5. Qa4+ Nbd7 6. Qxc4 a6 7. Bg2 b5 8. Qc2
Bb7 9. O-O c5 10. a4 cxd4 11. Nxd4 Bxg2 12. Kxg2 Rc8 13. Qd1 Qb6 14. axb5 axb5
15. Be3 Nd5 16. Nc3 Nxe3+ 17. fxe3 b4 18. Na4 Qb7+ 19. Kg1 Be7 20. Qb3 Nf6 21.
Rac1 O-O 22. Qd3 Ng4 23. Rxc8 Rxc8 24. h3 Qb8 25. e4 Ne5 26. Qb5 Qd6 27. e3 Nc4
28. Kf2 Bg5 29. Qxg5 Nd2 30. Qg4 Nxf1 31. Kxf1 Qa6+ 32. Kf2 Qxa4 33. e5 Qa2 34.
Qe2 Qd5 35. Nf3 Qe4 36. Nd2 Qxe5 37. b3 Qf5+ 38. Kg2 Rc2 0-1

[Event "Online Olym Top DivD 2020"]
[Site "chess.com INT"]
[Date "2020.08.21"]
[Round "1.3"]
[Board "6"]
[White "Avramidou, Anastasia"]
[Black "Wang, Annie"]
[Result "1/2-1/2"]
[WhiteTitle "FM"]
[BlackTitle "IM"]
[WhiteElo "2267"]
[BlackElo "2384"]
[WhiteTeam "Greece"]
[BlackTeam "United States of America"]
[WhiteFideId "4239873"]
[BlackFideId "2053900"]
[EventDate "2020.08.21"]
[EventType "team"]

1. d4 Nf6 2. c4 e6 3. Nc3 Bb4 4. Bd2 d5 5. e3 O-O 6. a3 Be7 7. Nf3 b6 8. cxd5
exd5 9. Bd3 c5 10. O-O Bb7 11. Ne5 Nc6 12. Nxc6 Bxc6 13. Rc1 Qd7 14. Qf3 Rfd8
15. Rfd1 Bd6 16. h3 Qe7 17. Qe2 Ne4 18. Be1 Re8 19. Bb5 Bxb5 20. Nxb5 c4 21.
Nxd6 Qxd6 22. f3 Nf6 23. Bf2 b5 24. Re1 a5 25. Qc2 h6 26. e4 dxe4 27. fxe4 Qf4
28. e5 Nd5 29. Re4 Qg5 30. Rg4 Qe7 31. Qd2 Qe6 32. Bh4 Rec8 33. Rf1 Kh7 34. Qc2+
Kh8 35. Qd2 Kh7 36. Qc2+ Kh8 37. Qd2 Kh7 1/2-1/2

[Event "Online Olym Top DivD 2020"]
[Site "chess.com INT"]
[Date "2020.08.21"]
[Round "1.4"]
[Board "3"]
[White "Besso, Guadalupe"]
[Black "Burtasova, Anna"]
[Result "0-1"]
[WhiteTitle "WIM"]
[BlackTitle "WGM"]
[WhiteElo "2111"]
[BlackElo "2261"]
[WhiteTeam "Argentina"]
[BlackTeam "Canada"]
[WhiteFideId "123161"]
[BlackFideId "4150740"]
[EventDate "2020.08.21"]
[EventType "team"]

1. d4 c5 2. d5 b5 3. e4 a6 4. a4 bxa4 5. Rxa4 d6 6. Nc3 g6 7. Nf3 Bg7 8. Be2 Nf6
9. O-O O-O 10. h3 Nbd7 11. Bf4 Rb8 12. Ra2 Rb4 13. Bd3 Ne8 14. Re1 Nc7 15. Qd2
Nb5 16. Nxb5 axb5 17. b3 Ne5 18. Bxe5 dxe5 19. Ra3 f5 20. c3 fxe4 21. cxb4 exf3
22. bxc5 fxg2 23. Ra8 Qd7 24. Re3 Bh6 25. c6 Qd6 26. Bxb5 Kg7 27. Ba6 Bxa6 28.
Rxa6 Bxe3 29. fxe3 e4 30. Kxg2 Rf5 31. Qd4+ Kh6 32. h4 Rxd5 33. Qxe4 Rd2+ 34.
Kf3 Kg7 35. Ra7 Qf6+ 36. Qf4 Qxc6+ 37. e4 Qc3+ 38. Qe3 Rd3 0-1

[Event "Online Olym Top DivD 2020"]
[Site "chess.com INT"]
[Date "2020.08.21"]
[Round "1.4"]
[Board "4"]
[White "Zhou, Qiyu"]
[Black "Francisco Guecamburu, Candela Be"]
[Result "1/2-1/2"]
[WhiteTitle "FM"]
[BlackTitle "WFM"]
[WhiteElo "2229"]
[BlackElo "2034"]
[WhiteTeam "Canada"]
[BlackTeam "Argentina"]
[WhiteFideId "505161"]
[BlackFideId "160911"]
[EventDate "2020.08.21"]
[EventType "team"]

1. e4 c5 2. Nf3 g6 3. d4 cxd4 4. Nxd4 Bg7 5. c4 Nc6 6. Be3 Nf6 7. Nc3 d6 8. f3
O-O 9. Be2 Bd7 10. O-O Nxd4 11. Bxd4 a5 12. b3 Bc6 13. Kh1 Nd7 14. Rc1 Nc5 15.
Qd2 Qb6 16. Bxg7 Kxg7 17. Nd5 Bxd5 18. exd5 Qb4 19. Qe3 a4 20. Bd1 axb3 21. axb3
Ra2 22. Rc2 Rfa8 23. Qxe7 Qxb3 24. Rxa2 Qxa2 25. Qxd6 Qxc4 26. Rg1 Nd3 27. h3
Ra1 28. Kh2 Qd4 29. Rf1 Nb4 30. Be2 Rxf1 31. Bxf1 Nxd5 32. Bb5 Qf4+ 33. Qxf4
Nxf4 34. Kg3 g5 35. h4 Kf6 36. hxg5+ Kxg5 37. Kf2 h5 38. g3 Ng6 39. Ke3 f5 40.
f4+ Kg4 41. Kf2 h4 42. Be2+ Kh3 43. Bf1+ Kh2 44. gxh4 Nxh4 45. Bd3 Kh3 46. Be2
b6 47. Ke3 Kg3 48. Bd3 Ng2+ 49. Kd4 Kxf4 50. Kd5 Ne3+ 51. Kc6 Ke5 52. Bxf5 Kxf5
53. Kxb6 1/2-1/2

[Event "Online Olym Top DivD 2020"]
[Site "chess.com INT"]
[Date "2020.08.21"]
[Round "1.5"]
[Board "2"]
[White "Cori, Jorge"]
[Black "Wojtaszek, Radoslaw"]
[Result "1/2-1/2"]
[WhiteTitle "GM"]
[BlackTitle "GM"]
[WhiteElo "2652"]
[BlackElo "2717"]
[WhiteTeam "Peru"]
[BlackTeam "Poland"]
[WhiteFideId "3802272"]
[BlackFideId "1118358"]
[EventDate "2020.08.21"]
[EventType "team"]

1. d4 Nf6 2. c4 e6 3. Nf3 d5 4. e3 Be7 5. Nc3 O-O 6. cxd5 exd5 7. Bd3 c6 8. h3
Bd6 9. Qc2 Re8 10. b3 Qe7 11. Bb2 Nbd7 12. O-O Ne4 13. Bxe4 dxe4 14. Nd2 Nf6 15.
Nc4 Bc7 16. Ba3 Qe6 17. Rfd1 Nd5 18. Rac1 Qg6 19. Kf1 Nxc3 20. Qxc3 Be6 21. Ne5
Qf5 22. Bb2 Bd5 23. Qb4 Rab8 24. Qc5 a6 25. Qb4 h5 26. Rc2 Red8 27. Qe1 Rd6 28.
Bc3 Re6 29. Bb2 Rf6 30. Rdc1 Qe6 31. Kg1 Rf5 32. f4 Rf6 33. Bc3 Re8 34. Ba5 Bd6
35. Bb4 Bb8 36. Rf2 Rh6 37. Qf1 Qf5 38. Nc4 Rg6 39. Kh2 Bc7 40. Qe2 Rh6 41. Kg1
Rg6 42. Kh1 Rh6 43. Kg1 Rg6 44. Kh1 Rh6 45. Kg1 1/2-1/2

[Event "Online Olym Top DivD 2020"]
[Site "chess.com INT"]
[Date "2020.08.21"]
[Round "1.5"]
[Board "3"]
[White "Zawadzka, Jolanta"]
[Black "Cori T., Deysi"]
[Result "0-1"]
[WhiteTitle "WGM"]
[BlackTitle "WGM"]
[WhiteElo "2419"]
[BlackElo "2388"]
[WhiteTeam "Poland"]
[BlackTeam "Peru"]
[WhiteFideId "1122320"]
[BlackFideId "3801934"]
[EventDate "2020.08.21"]
[EventType "team"]

1. e4 d5 2. exd5 Qxd5 3. Nc3 Qd6 4. d4 Nf6 5. Nf3 a6 6. g3 Bg4 7. h3 Bh5 8. Bg2
Nc6 9. O-O O-O-O 10. Bf4 Qb4 11. g4 Bg6 12. Qc1 e6 13. a3 Qb6 14. Ne2 Bd6 15.
Bxd6 Rxd6 16. b4 Rd7 17. c4 Bd3 18. c5 Qb5 19. Nc3 Qc4 20. Rd1 Nxd4 21. Ne5 Qxc3
22. Qxc3 Ne2+ 23. Kh2 Nxc3 24. c6 Nxd1 25. cxd7+ Nxd7 26. Nxd7 Nxf2 27. Nc5 b6
28. Kg3 bxc5 29. Kxf2 cxb4 30. axb4 Rd8 31. Ke3 Bb5 32. Be4 g6 33. g5 Kd7 34. h4
Ke7 35. Rc1 c6 36. Rc5 Rd6 37. Kf4 Rd4 38. Ke5 Rxb4 39. Bxc6 Bxc6 40. Rxc6 Rxh4
41. Rc7+ Kf8 42. Ra7 Rg4 43. Kd6 Rxg5 44. Rxa6 Rd5+ 45. Kc7 h5 0-1

[Event "Online Olym Top DivD 2020"]
[Site "chess.com INT"]
[Date "2020.08.21"]
[Round "1.5"]
[Board "4"]
[White "Chumpitaz, Ann"]
[Black "Cyfka, Karina"]
[Result "1/2-1/2"]
[WhiteTitle "WIM"]
[BlackTitle "IM"]
[WhiteElo "2244"]
[BlackElo "2411"]
[WhiteTeam "Peru"]
[BlackTeam "Poland"]
[WhiteFideId "3804178"]
[BlackFideId "1122681"]
[EventDate "2020.08.21"]
[EventType "team"]

1. e4 e5 2. Nf3 Nc6 3. Bc4 Nf6 4. d3 Be7 5. c3 O-O 6. O-O d5 7. exd5 Nxd5 8. Re1
Bg4 9. Nbd2 Nb6 10. Qe2 Bd6 11. Bb3 a5 12. a4 Nd7 13. h3 Bh5 14. Ne4 Nc5 15. Bg5
Qd7 16. Nxc5 Bxc5 17. Nxe5 Nxe5 18. Qxe5 Bd6 19. Qd4 Bg6 20. Be7 Rfe8 21. Bxd6
cxd6 22. Bd5 Rac8 23. Bc4 Rxe1+ 24. Rxe1 h6 25. Bb5 Qc7 26. Re3 Kh7 27. h4 h5
28. Qf4 Rd8 29. d4 b6 30. Qg5 f6 31. Qf4 Qf7 32. Qf3 Qa2 33. Qe2 Rf8 34. Kh2 f5
35. Re6 f4 36. f3 Qd5 37. Bc4 Qf5 38. Rxg6 Qxg6 39. Bd3 Rf5 40. Bxf5 Qxf5 41.
Qe4 Kg6 42. Kg1 d5 43. Qxf5+ Kxf5 44. b3 Ke6 45. Kf2 Kd6 46. Ke2 Kc6 47. Kd3 g6
48. c4 Kd6 49. Ke2 Kc6 50. Kf2 Kd6 51. g3 Ke6 52. gxf4 Kd6 53. Ke2 Ke6 54. Ke3
Kd6 55. f5 gxf5 56. Kf4 Ke6 57. cxd5+ Kxd5 58. Kxf5 Kxd4 59. Kg5 Kc3 60. f4 Kxb3
61. f5 Kxa4 62. f6 b5 63. f7 b4 64. f8=Q b3 65. Qf2 Ka3 66. Qc5+ Ka4 67. Qc4+
Ka3 68. Qb5 a4 69. Kxh5 b2 70. Qd3+ Ka2 71. Qc4+ Ka3 72. Qc3+ Ka2 73. Qc4+ Ka3
74. Qd3+ Ka2 75. Qc2 a3 76. Qc4+ Ka1 77. Qc3 Ka2 78. Qc2 Ka1 79. Qc3 Ka2 80. Qd2
Ka1 81. Qd4 Ka2 82. Qd2 Ka1 83. Qc3 1/2-1/2

[Event "Online Olym Top DivD 2020"]
[Site "chess.com INT"]
[Date "2020.08.21"]
[Round "1.5"]
[Board "6"]
[White "Contreras Huaman, Fiorella"]
[Black "Sliwicka, Alicja"]
[Result "1/2-1/2"]
[WhiteTitle "WFM"]
[BlackTitle "WIM"]
[WhiteElo "1937"]
[BlackElo "2317"]
[WhiteTeam "Peru"]
[BlackTeam "Poland"]
[WhiteFideId "3824675"]
[BlackFideId "1150677"]
[EventDate "2020.08.21"]
[EventType "team"]

1. e4 c5 2. Nc3 Nc6 3. g3 g6 4. Bg2 Bg7 5. d3 d6 6. Be3 Rb8 7. Qd2 b5 8. a3 a5
9. Nge2 Nd4 10. O-O b4 11. axb4 axb4 12. Nd1 b3 13. c3 Nc2 14. Rc1 Nxe3 15. Nxe3
Nf6 16. f4 O-O 17. h3 Bb7 18. g4 e6 19. Ng3 Nd7 20. g5 f5 21. exf5 exf5 22. Bxb7
Rxb7 23. Qg2 Qb8 24. Qd5+ Kh8 25. Nc4 Nb6 26. Nxb6 Rxb6 27. Rfe1 Qb7 28. Qxb7
Rxb7 29. Re6 Rd8 30. Rce1 Kg8 31. Re7 Rxe7 32. Rxe7 Rb8 33. Ne2 Kf8 34. Rd7 Rb6
35. Kf2 Kg8 36. Rd8+ Bf8 37. d4 Rb7 38. Ra8 Kf7 39. Ke3 Be7 40. Kd3 Rc7 41. Ra4
Ke6 42. c4 cxd4 43. Nxd4+ Kd7 44. Nxb3 Rb7 45. Kc3 Bf8 46. Nd4 Bg7 47. b4 h6 48.
h4 hxg5 49. hxg5 Kc7 50. Kd3 Kd7 51. b5 Bf8 52. Ra8 Be7 53. Rg8 Ra7 54. Nc6 Ra3+
55. Ke2 Ra2+ 56. Kf3 Ra3+ 57. Kf2 Ra2+ 58. Kf3 Ra3+ 59. Ke2 Ra2+ 60. Kd3 Ra3+
61. Ke2 1/2-1/2

[Event "Online Olym Top DivD 2020"]
[Site "chess.com INT"]
[Date "2020.08.21"]
[Round "2.1"]
[Board "1"]
[White "Quesada Perez, Yasser"]
[Black "Cordova, Emilio"]
[Result "0-1"]
[WhiteTitle "GM"]
[BlackTitle "GM"]
[WhiteElo "2565"]
[BlackElo "2592"]
[WhiteTeam "Cuba"]
[BlackTeam "Peru"]
[WhiteFideId "3509362"]
[BlackFideId "3801497"]
[EventDate "2020.08.21"]
[EventType "team"]

1. e4 c5 2. c3 e6 3. d4 d5 4. e5 Nc6 5. Nf3 Nge7 6. a3 Nf5 7. b4 cxd4 8. cxd4
Qb6 9. Bb2 Bd7 10. g4 Nh6 11. h3 Rc8 12. Nc3 Na5 13. Na4 Qc6 14. Nc5 Nc4 15. Bc1
Ng8 16. Bd3 b6 17. Nxd7 Qxd7 18. O-O Ne7 19. Nh2 Nc6 20. Bb1 b5 21. Kg2 a5 22.
bxa5 Qa7 23. Nf3 Be7 24. g5 Qxa5 25. h4 b4 26. Bd3 bxa3 27. Qe2 Qc3 28. Be3 Nb4
29. Bxc4 Qxc4 30. Qxc4 dxc4 31. Rxa3 Nd5 32. Ra7 O-O 33. Rc1 c3 34. Ne1 Ra8 35.
Rxa8 Rxa8 36. Rc2 Ra1 37. Nd3 Rd1 38. Kf3 Rxd3 39. Ke2 Nb4 40. Rc1 c2 0-1

[Event "Online Olym Top DivD 2020"]
[Site "chess.com INT"]
[Date "2020.08.21"]
[Round "2.1"]
[Board "3"]
[White "Ordaz Valdes, Lisandra Teresa"]
[Black "Cori T., Deysi"]
[Result "0-1"]
[WhiteTitle "IM"]
[BlackTitle "WGM"]
[WhiteElo "2369"]
[BlackElo "2388"]
[WhiteTeam "Cuba"]
[BlackTeam "Peru"]
[WhiteFideId "3506940"]
[BlackFideId "3801934"]
[EventDate "2020.08.21"]
[EventType "team"]

1. d4 Nf6 2. c4 e6 3. Nc3 Bb4 4. Qc2 d5 5. a3 Bxc3+ 6. Qxc3 Nbd7 7. Nf3 a6 8.
Bf4 O-O 9. Rd1 c6 10. e3 Ne4 11. Qc2 f5 12. Bd3 Qe7 13. O-O Ndf6 14. c5 Bd7 15.
Ne5 g5 16. Nxd7 Nxd7 17. Bxe4 gxf4 18. Bd3 fxe3 19. fxe3 Kh8 20. Rf3 Rg8 21.
Rdf1 Rg5 22. b4 Rag8 23. R1f2 Nf6 24. h3 Qg7 25. a4 Qh6 26. Kf1 Qh4 27. b5 axb5
28. axb5 Ra8 29. Qb2 Rg7 30. b6 Rag8 31. Qa2 Nh5 32. Ke1 Rxg2 33. Bf1 Rg1 34.
Kd2 Ng3 35. Kc2 Nxf1 36. Rxf1 R8g2+ 37. Kb3 Rxa2 38. Rxg1 Ra8 39. Rfg3 Qe4 40.
Kb4 Qc2 41. R3g2 Qc4# 0-1

[Event "Online Olym Top DivD 2020"]
[Site "chess.com INT"]
[Date "2020.08.21"]
[Round "2.1"]
[Board "5"]
[White "Albornoz Cabrera, Carlos Daniel"]
[Black "Quirhuayo Chumbe, German Gonzalo"]
[Result "0-1"]
[WhiteTitle "GM"]
[BlackTitle "FM"]
[WhiteElo "2573"]
[BlackElo "2296"]
[WhiteTeam "Cuba"]
[BlackTeam "Peru"]
[WhiteFideId "3518736"]
[BlackFideId "3813509"]
[EventDate "2020.08.21"]
[EventType "team"]

1. e4 c5 2. Nf3 d6 3. d4 cxd4 4. Nxd4 Nf6 5. Nc3 a6 6. h4 e5 7. Nb3 Be7 8. Bg5
Be6 9. Bxf6 Bxf6 10. g3 O-O 11. Qd2 Be7 12. O-O-O b5 13. f4 b4 14. Nd5 Bxd5 15.
Qxd5 Nd7 16. fxe5 Nxe5 17. Nd4 Qc7 18. Nf5 Rfd8 19. Rh2 Bf8 20. Ne3 a5 21. Qb5
Rdb8 22. Nd5 Qa7 23. Qa4 Nd7 24. Qc6 Ne5 25. Qa4 Nd7 26. Qc6 a4 27. Qc4 Ne5 28.
Qe2 b3 29. cxb3 axb3 30. a3 Rc8+ 31. Kb1 Rc2 32. Rd2 Rac8 33. Qd1 Rc1+ 34. Qxc1
Rxc1+ 35. Kxc1 Nf3 36. Kd1 Nxh2 37. Rxh2 Qg1 38. Re2 Qxf1+ 39. Kd2 g6 40. Kd3
Bg7 41. Ne3 Qc1 42. Nc4 Qd1+ 43. Rd2 Qf3+ 44. Ne3 Bh6 45. Re2 Qxg3 46. a4 Bxe3
47. Rxe3 Qe5 48. Kc4 Qc5+ 49. Kd3 Qb4 0-1

[Event "Online Olym Top DivD 2020"]
[Site "chess.com INT"]
[Date "2020.08.21"]
[Round "2.2"]
[Board "3"]
[White "Golubeva, Oksana"]
[Black "Zawadzka, Jolanta"]
[Result "0-1"]
[WhiteTitle "WFM"]
[BlackTitle "WGM"]
[WhiteElo "2179"]
[BlackElo "2419"]
[WhiteTeam "Canada"]
[BlackTeam "Poland"]
[WhiteFideId "4170164"]
[BlackFideId "1122320"]
[EventDate "2020.08.21"]
[EventType "team"]

1. Nf3 d5 2. e3 Nf6 3. c4 e6 4. b3 a6 5. Bb2 Be7 6. g4 Nxg4 7. Rg1 Bf6 8. Qc2
Nh6 9. Bd3 dxc4 10. Bxc4 b5 11. Be2 Bb7 12. Nd4 Nd7 13. Ba3 c5 14. Bxc5 Rc8 15.
b4 Nxc5 16. bxc5 Bxd4 17. exd4 Nf5 18. Qb2 Qxd4 19. Nc3 O-O 20. Rg4 Qe5 21.
O-O-O Rxc5 22. Kb1 Qf6 23. d4 Rc7 24. Bd3 Bf3 25. Ne4 Qh6 26. Rdg1 Bxg4 27. Rxg4
Rfc8 28. Nc5 Qxh2 29. a3 Qh1+ 30. Ka2 Qd5+ 31. Kb1 Rxc5 32. Rg1 Rc3 0-1